[Event "BL 1718 DJK Aachen - Hamburger SK"]
[Site "Hamburg"]
[Date "2017.12.10"]
[Round "6.2"]
[White "Lupulescu, Constantin"]
[Black "Huschenbeth, Niclas"]
[Result "1/2-1/2"]
[WhiteElo "2633"]
[BlackElo "2594"]
[PlyCount "175"]
[EventDate "2017.??.??"]

1. e4 c5 2. Nf3 d6 3. d4 cxd4 4. Nxd4 Nf6 5. Nc3 a6 6. g3 e5 7. Nde2 Be7 8. Bg2
O-O 9. O-O b5 10. Nd5 Nxd5 11. Qxd5 Ra7 12. Be3 Rb7 13. Qd2 Nd7 14. Nc3 Nf6 15.
Bg5 Be6 16. Bxf6 Bxf6 17. Nd5 Bg5 18. Qd3 Qd7 19. c3 Rc8 20. h4 Bd8 21. Rfd1 g6
22. Rd2 Rc5 23. Ne3 Rb6 24. a3 Be7 25. Qc2 Bf8 26. Rad1 Qd8 27. Nd5 Rb8 28. Rd3
a5 29. Qe2 Qc8 30. Qe3 Qc6 31. Bf1 Qc8 32. h5 Qd8 33. Be2 Qc8 34. Kg2 Bh3+ 35.
Kh2 Be6 36. Kg2 Bh3+ 37. Kh2 Be6 38. R3d2 Kg7 39. Kg2 Bh3+ 40. Kg1 Be6 41. Kg2
Bh3+ 42. Kh2 Be6 43. b4 axb4 44. cxb4 Rc6 45. Ra1 Bxd5 46. Rxd5 Rc3 47. Rd3 Rc7
48. Rad1 Rc2 49. Kg2 Qc6 50. Rd5 Rc3 51. R1d3 Rc2 52. Rb3 Qd7 53. Bd3 Rc7 54.
Qe2 Rcb7 55. Rc3 Be7 56. Bb1 Ra7 57. Bd3 Rab7 58. Bb1 Ra7 59. Ba2 Rba8 60. Rxb5
Rxa3 61. Rxa3 Rxa3 62. Bd5 Rc3 63. Rb7 Rc7 64. Rb8 Rc8 65. Rb7 Rc7 66. Rb6 Bd8
67. Qa6 Ra7 68. Rxd6 Qe7 69. Qc6 Rc7 70. Qb6 Rd7 71. Rxd7 Qxd7 72. Qa6 gxh5 73.
b5 Qc7 74. Qa3 Qb6 75. Bc6 Qd4 76. Qf3 Bb6 77. Bd5 f6 78. Qf5 Qc5 79. Bc6 Qc2
80. Be8 Qe2 81. Bxh5 Qxb5 82. Qe6 Qc5 83. Qf7+ Kh6 84. Qxf6+ Kxh5 85. Qf5+ Kh6
86. Qf6+ Kh5 87. Qf5+ Kh6 88. Qf6+ 1/2-1/2

[Event "BL 1718 DJK Aachen - Hamburger SK"]
[Site "Hamburg"]
[Date "2017.12.10"]
[Round "6.3"]
[White "Kempinski, Robert"]
[Black "Parligras, Mircea Emilian"]
[Result "1/2-1/2"]
[WhiteElo "2571"]
[BlackElo "2628"]
[PlyCount "50"]
[EventDate "2017.??.??"]

1. d4 Nf6 2. c4 e6 3. Nf3 d5 4. Nc3 Bb4 5. Bg5 h6 6. Bxf6 Qxf6 7. e3 O-O 8. Rc1
dxc4 9. Bxc4 c5 10. O-O cxd4 11. Nxd4 Bd7 12. Qb3 Nc6 13. Nxc6 Bxc3 14. Qxb7
Bxc6 15. Qxc6 Bxb2 16. Rc2 Rfc8 17. Qb7 Rcb8 18. Qe4 Qe5 19. Bd3 g6 20. Rb1
Qxe4 21. Bxe4 Ba3 22. Rb7 Rxb7 23. Bxb7 Rd8 24. Rc8 Rxc8 25. Bxc8 a5 1/2-1/2

[Event "BL 1718 DJK Aachen - Hamburger SK"]
[Site "Hamburg"]
[Date "2017.12.10"]
[Round "6.4"]
[White "Bindrich, Falko"]
[Black "Hansen, Sune Berg"]
[Result "1/2-1/2"]
[WhiteElo "2604"]
[BlackElo "2578"]
[PlyCount "91"]
[EventDate "2017.??.??"]

1. d4 Nf6 2. c4 e6 3. Nc3 Bb4 4. Qc2 d5 5. a3 Bxc3+ 6. Qxc3 Ne4 7. Qc2 c5 8.
dxc5 Nc6 9. Nf3 Qa5+ 10. Bd2 Qxc5 11. e3 Nxd2 12. Nxd2 dxc4 13. Nxc4 Ne5 14.
Qe4 Nxc4 15. Bxc4 O-O 16. O-O Qb6 17. Bd3 g6 18. Qe5 Bd7 19. Be4 Rac8 20. Rad1
Bc6 21. Bxc6 Rxc6 22. Qf6 Rd6 23. h4 Rfd8 24. Rxd6 Qxd6 25. h5 e5 26. Qh4 gxh5
27. Qxh5 Qf6 28. Rc1 b6 29. Rc4 h6 30. Rg4+ Kf8 31. Rg3 e4 32. Rg4 Re8 33. Rf4
Re5 34. Qe2 Qd6 35. Qg4 Qe6 36. Qh4 Kg7 37. Rg4+ Kh7 38. Qg3 Qf6 39. Rh4 Rg5
40. Qh3 Kg7 41. b4 Qa1+ 42. Kh2 Qe5+ 43. g3 Qf5 44. Rf4 Qxh3+ 45. Kxh3 Re5 46.
Rg4+ 1/2-1/2

[Event "BL 1718 DJK Aachen - Hamburger SK"]
[Site "Hamburg"]
[Date "2017.12.10"]
[Round "6.5"]
[White "Lampert, Jonas"]
[Black "Nijboer, Friso"]
[Result "1-0"]
[WhiteElo "2511"]
[BlackElo "2517"]
[PlyCount "75"]
[EventDate "2017.??.??"]

1. d4 Nf6 2. c4 g6 3. Nc3 Bg7 4. e4 d6 5. Be2 O-O 6. Be3 e5 7. d5 Na6 8. g4 Nc5
9. f3 h5 10. g5 Nh7 11. h4 f6 12. Qd2 fxg5 13. hxg5 Rf4 14. Bxf4 exf4 15. Qxf4
Nxg5 16. Qe3 Bd7 17. Rh2 Qf6 18. Rg2 Nf7 19. f4 Bh6 20. e5 Qh4+ 21. Qf2 Qxf2+
22. Kxf2 dxe5 23. Rxg6+ Kh7 24. Rf6 Nd6 25. Rxh6+ Kxh6 26. fxe5 Rf8+ 27. Nf3
Nf5 28. e6 Be8 29. b4 Na6 30. a3 c6 31. Rd1 cxd5 32. cxd5 Nd6 33. Ke3 Bg6 34.
Ne5 Bh7 35. Rh1 Nf5+ 36. Kd2 h4 37. Bd3 Nc7 38. e7 1-0

[Event "BL 1718 DJK Aachen - Hamburger SK"]
[Site "Hamburg"]
[Date "2017.12.10"]
[Round "6.6"]
[White "van Foreest, Lucas"]
[Black "Heinemann, Thies"]
[Result "0-1"]
[WhiteElo "2481"]
[BlackElo "2489"]
[PlyCount "140"]
[EventDate "2017.??.??"]

1. e4 c5 2. Nf3 d6 3. d4 cxd4 4. Nxd4 Nf6 5. Nc3 a6 6. Be3 e5 7. Nf3 Be7 8. Bc4
O-O 9. O-O Be6 10. Bb3 b5 11. Nd5 Nbd7 12. a4 Nxd5 13. Bxd5 Bxd5 14. Qxd5 Qb8
15. Nd2 Nf6 16. Qd3 h6 17. axb5 axb5 18. c4 bxc4 19. Nxc4 Qb5 20. Rxa8 Rxa8 21.
Rd1 Rc8 22. b3 Rb8 23. Rb1 d5 24. exd5 e4 25. Qd4 Qxd5 26. h3 Qxd4 27. Bxd4 Nd5
28. Ne3 Nb4 29. Nf5 Bf8 30. Ng3 Nc2 31. Be5 Rb5 32. Bf4 g5 33. Bd2 f5 34. Rc1
Nd4 35. Rc8 Kf7 36. Bc3 Ne6 37. Rc6 Be7 38. b4 Bf6 39. Bxf6 Kxf6 40. Rc4 Ke5
41. Nf1 f4 42. Nd2 Nd4 43. Kf1 Kd5 44. Rc8 Rxb4 45. Rd8+ Ke5 46. Re8+ Ne6 47.
Ra8 h5 48. Ke1 Rb5 49. Re8 Rb4 50. Rh8 Ra4 51. Re8 Kd5 52. Rb8 Ra1+ 53. Rb1
Rxb1+ 54. Nxb1 e3 55. Nc3+ Kc4 56. Ne4 Kd3 57. f3 g4 58. hxg4 hxg4 59. Kf1 gxf3
60. gxf3 Nd4 61. Nc5+ Kd2 62. Ne4+ Kc2 63. Nc5 Kd1 64. Nd3 e2+ 65. Kf2 Kd2 66.
Ne1 Ne6 67. Ng2 Ng5 68. Kg1 e1=Q+ 69. Kh2 Nxf3+ 70. Kh3 Qg3# 0-1

[Event "BL 1718 DJK Aachen - Hamburger SK"]
[Site "Hamburg"]
[Date "2017.12.10"]
[Round "6.7"]
[White "Rogozenco, Dorian"]
[Black "Zaragatski, Ilja"]
[Result "1/2-1/2"]
[WhiteElo "2483"]
[BlackElo "2487"]
[PlyCount "96"]
[EventDate "2017.??.??"]

1. d4 f5 2. g3 Nf6 3. Bg2 g6 4. c4 Bg7 5. Nc3 O-O 6. Nh3 d6 7. d5 Nbd7 8. O-O
Ne5 9. b3 c5 10. Qc2 a6 11. a4 b6 12. Bb2 Ne8 13. Nf4 Nc7 14. Nd3 Rb8 15. Nxe5
Bxe5 16. Nd1 Bxb2 17. Nxb2 b5 18. axb5 axb5 19. Nd3 Bd7 20. Qc3 Ne8 21. e4 fxe4
22. Bxe4 Nf6 23. Bg2 Qb6 24. Rfe1 bxc4 25. bxc4 Qb3 26. Qxb3 Rxb3 27. Nf4 Re8
28. Ra7 Kf8 29. h4 Reb8 30. Bf1 Rb1 31. Rxb1 Rxb1 32. Kg2 Kf7 33. Ra2 Ng4 34.
Be2 Rb3 35. f3 Ne5 36. g4 h6 37. Ra7 g5 38. hxg5 hxg5 39. Nh5 Rb4 40. Ng3 Ra4
41. Rb7 Bc8 42. Rc7 Ra8 43. Ne4 Ke8 44. Nxg5 Kd8 45. Rxc8+ Kxc8 46. f4 Ra2 47.
Kf1 Rxe2 48. Kxe2 Nxg4 1/2-1/2

[Event "BL 1718 DJK Aachen - Hamburger SK"]
[Site "Hamburg"]
[Date "2017.12.10"]
[Round "6.8"]
[White "Braun, Christian"]
[Black "Sebastian, Dirk"]
[Result "1/2-1/2"]
[WhiteElo "2376"]
[BlackElo "2439"]
[PlyCount "139"]
[EventDate "2017.??.??"]

1. e4 e5 2. Nf3 Nc6 3. Bb5 a6 4. Ba4 g6 5. c3 d6 6. d4 Bd7 7. O-O Bg7 8. Re1
Nf6 9. h3 O-O 10. Nbd2 Re8 11. a3 h6 12. Bc2 a5 13. Nf1 a4 14. Ng3 b5 15. Be3
Na5 16. Nd2 h5 17. Bd3 Rb8 18. Rb1 c5 19. Nf3 Qc7 20. d5 b4 21. cxb4 cxb4 22.
Rc1 Qd8 23. Nd2 h4 24. Ne2 Nh5 25. Nc4 Nxc4 26. Rxc4 bxa3 27. bxa3 Rb3 28. Rc3
Rxc3 29. Nxc3 Nf4 30. Bb5 Bxb5 31. Nxb5 Qd7 32. Qxa4 Rb8 33. Nc3 Qxa4 34. Nxa4
Ra8 35. Nb6 Rxa3 36. Nc4 Ra6 37. Kf1 Nh5 38. Rb1 f5 39. Rb6 Ra1+ 40. Ke2 fxe4
41. Nxd6 Ra2+ 42. Kd1 Nf6 43. Rb8+ Kh7 44. Rb5 Ra3 45. Nf7 Rd3+ 46. Ke2 Nxd5
47. Ng5+ Kh6 48. Nxe4+ Nxe3 49. Kxd3 Nxg2 50. Ke2 Nf4+ 51. Kf3 Kh5 52. Rb7 Bh6
53. Nf6+ Kg5 54. Ng4 Nxh3 55. Nxe5 Kh5 56. Nd7 Bg7 57. Nc5 Ng5+ 58. Kf4 h3 59.
Rb1 Kh4 60. Rg1 Be5+ 61. Ke3 Bd4+ 62. Kf4 Be5+ 63. Ke3 Bd4+ 64. Kf4 h2 65. Rh1
Nh3+ 66. Kf3 Ng5+ 67. Kf4 Nh3+ 68. Kf3 Ng5+ 69. Kf4 Nh3+ 70. Kf3 1/2-1/2

[Event "BL 1718 USV Dresden - SV Hockenheim"]
[Site "?"]
[Date "2018.02.03"]
[Round "7.1"]
[White "Howell, David W L"]
[Black "Eljanov, Pavel"]
[Result "1/2-1/2"]
[WhiteElo "2682"]
[BlackElo "2710"]
[PlyCount "70"]
[EventDate "2018.??.??"]

1. e4 e5 2. Nf3 Nc6 3. Bb5 Nf6 4. d3 Bc5 5. c3 O-O 6. O-O d6 7. Nbd2 a6 8. Bxc6
bxc6 9. d4 exd4 10. cxd4 Bb6 11. Qc2 Re8 12. Re1 c5 13. d5 Ba5 14. b3 Bxd2 15.
Bxd2 Bg4 16. Qd3 Nd7 17. Bc3 Bxf3 18. Qxf3 a5 19. Re3 f6 20. Rae1 Re7 21. h4
Ne5 22. Qd1 Qe8 23. h5 h6 24. a4 Kh8 25. Qe2 Qc8 26. f3 Qb7 27. Kf2 Qa7 28. g4
Kg8 29. Kg3 Qb7 30. Qb5 Qxb5 31. axb5 Rb8 32. Ra1 Rxb5 33. Bxa5 Rb7 34. Bd2 Re8
35. Rc3 Reb8 1/2-1/2

[Event "BL 1718 USV Dresden - SV Hockenheim"]
[Site "?"]
[Date "2018.02.03"]
[Round "7.2"]
[White "Almasi, Zoltan"]
[Black "Moiseenko, Alexander"]
[Result "1-0"]
[WhiteElo "2689"]
[BlackElo "2660"]
[PlyCount "81"]
[EventDate "2018.??.??"]

1. e4 c5 2. Nf3 Nc6 3. d4 cxd4 4. Nxd4 Nf6 5. Nc3 e5 6. Ndb5 d6 7. Bg5 a6 8.
Na3 b5 9. Bxf6 gxf6 10. Nd5 f5 11. Bd3 Be6 12. O-O Bxd5 13. exd5 Ne7 14. Re1
Bg7 15. c3 O-O 16. Nc2 e4 17. Bf1 Re8 18. g3 Qb6 19. Bh3 a5 20. Ne3 b4 21. Bxf5
bxc3 22. bxc3 Bxc3 23. Rb1 Qa7 24. Qg4+ Ng6 25. Re2 Qa6 26. Rc2 Bd4 27. Nc4
Rab8 28. Rxb8 Rxb8 29. Bxe4 Bg7 30. Qf5 Kf8 31. Qd7 Be5 32. Bd3 Kg7 33. Kg2 Qa8
34. Qc6 Qa7 35. Nxd6 Bxd6 36. Qxd6 Re8 37. Qc5 Qd7 38. Bxg6 hxg6 39. Qxa5 Re5
40. Rd2 Rh5 41. h4 1-0

[Event "BL 1718 USV Dresden - SV Hockenheim"]
[Site "?"]
[Date "2018.02.03"]
[Round "7.3"]
[White "Balogh, Csaba"]
[Black "Nisipeanu, Liviu-Dieter"]
[Result "1/2-1/2"]
[WhiteElo "2633"]
[BlackElo "2682"]
[PlyCount "66"]
[EventDate "2018.??.??"]

1. e4 c6 2. d4 d5 3. exd5 cxd5 4. Nf3 Nf6 5. Ne5 Nc6 6. Bb5 Bd7 7. Nxd7 Qxd7 8.
c3 e6 9. O-O Bd6 10. Re1 Qc7 11. h3 O-O 12. Nd2 h6 13. Bd3 Rab8 14. a4 a6 15.
Nf3 Rfe8 16. Bd2 b5 17. axb5 axb5 18. Qc1 e5 19. dxe5 Nxe5 20. Nxe5 Bxe5 21.
Rxe5 Rxe5 22. Bf4 Re1+ 23. Qxe1 Qxf4 24. Qc1 Qxc1+ 25. Rxc1 Kf8 26. Ra1 Ne4 27.
Bxe4 dxe4 28. g4 Rd8 29. Re1 Rd2 30. Rxe4 Rxb2 31. Kg2 Rb3 32. Re3 b4 33. cxb4
Rxb4 1/2-1/2

[Event "BL 1718 USV Dresden - SV Hockenheim"]
[Site "?"]
[Date "2018.02.03"]
[Round "7.4"]
[White "Gajewski, Grzegorz"]
[Black "Wagner, Dennis"]
[Result "0-1"]
[WhiteElo "2601"]
[BlackElo "2557"]
[PlyCount "66"]
[EventDate "2018.??.??"]

1. c4 c5 2. Nf3 Nc6 3. Nc3 g6 4. g3 Bg7 5. Bg2 d6 6. d3 e5 7. Nd2 Nge7 8. Nf1
Be6 9. Ne3 O-O 10. Ned5 Qd7 11. h4 h5 12. a3 Bg4 13. Ne3 Be6 14. Rb1 Rac8 15.
b4 cxb4 16. axb4 Nd4 17. b5 f5 18. Ned5 e4 19. dxe4 Rxc4 20. exf5 Bxf5 21.
Nxe7+ Qxe7 22. Bd5+ Kh7 23. Bxc4 Bc2 24. Bd3 Bxd1 25. Kxd1 Rxf2 26. g4 hxg4 27.
b6 a5 28. Rg1 Qe5 29. h5 Nf3 30. exf3 Qd4 31. Ke1 Qxd3 32. hxg6+ Kg8 33. Kxf2
Qxf3+ 0-1

[Event "BL 1718 USV Dresden - SV Hockenheim"]
[Site "?"]
[Date "2018.02.03"]
[Round "7.5"]
[White "Buhmann, Rainer"]
[Black "Bartel, Mateusz"]
[Result "0-1"]
[WhiteElo "2597"]
[BlackElo "2610"]
[PlyCount "96"]
[EventDate "2018.??.??"]

1. d4 d5 2. c4 c6 3. Nf3 Nf6 4. e3 Bf5 5. Nc3 e6 6. Nh4 Be4 7. f3 Bg6 8. Be2
Be7 9. O-O a6 10. Nxg6 hxg6 11. e4 b5 12. exd5 exd5 13. c5 Nbd7 14. Be3 O-O 15.
Bf2 Ne8 16. Bd3 Nc7 17. Re1 Bg5 18. g3 Re8 19. Rxe8+ Qxe8 20. f4 Be7 21. g4 Nf8
22. Qf3 Qd7 23. Kh1 Re8 24. Rg1 Nce6 25. Ne2 Bd8 26. h4 Nh7 27. g5 Nef8 28. f5
gxf5 29. Bxf5 Qe7 30. Nf4 g6 31. Bd3 Bc7 32. Nh3 Ne6 33. Qg4 Ng7 34. Nf4 Nf8
35. Re1 Qxe1+ 36. Bxe1 Rxe1+ 37. Kg2 Re3 38. Bb1 Nfe6 39. Nxe6 Nxe6 40. Kf2 Rg3
41. Qe2 Kg7 42. h5 Rh3 43. h6+ Kf8 44. Qg4 Rh2+ 45. Ke3 Bf4+ 46. Kd3 b4 47. Qd1
Nxg5 48. a3 Ne4 0-1

[Event "BL 1718 USV Dresden - SV Hockenheim"]
[Site "?"]
[Date "2018.02.03"]
[Round "7.6"]
[White "Vogel, Roven"]
[Black "Baramidze, David"]
[Result "1/2-1/2"]
[WhiteElo "2437"]
[BlackElo "2615"]
[PlyCount "65"]
[EventDate "2018.??.??"]

1. d4 Nf6 2. c4 g6 3. Nc3 d5 4. cxd5 Nxd5 5. e4 Nxc3 6. bxc3 Bg7 7. Nf3 c5 8.
Rb1 O-O 9. Be2 cxd4 10. cxd4 Qa5+ 11. Bd2 Qxa2 12. O-O Bg4 13. Bg5 h6 14. Be3
Nc6 15. d5 Ne5 16. Rxb7 a5 17. Bd4 Nxf3+ 18. Bxf3 Bxf3 19. gxf3 Bxd4 20. Qxd4
Qa3 21. Kg2 Rfb8 22. Ra1 Qd6 23. e5 Qd8 24. Rxb8 Qxb8 25. d6 exd6 26. exd6 Qb5
27. d7 Rd8 28. Rd1 a4 29. Qd6 Qg5+ 30. Kf1 Qb5+ 31. Kg2 Qg5+ 32. Kf1 Qb5+ 33.
Kg2 1/2-1/2

[Event "BL 1718 USV Dresden - SV Hockenheim"]
[Site "?"]
[Date "2018.02.03"]
[Round "7.7"]
[White "Banusz, Tamas"]
[Black "Maiwald, Jens-Uwe"]
[Result "0-1"]
[WhiteElo "2640"]
[BlackElo "2437"]
[PlyCount "90"]
[EventDate "2018.??.??"]

1. Nf3 g6 2. g3 Bg7 3. Bg2 c5 4. c4 Nc6 5. Nc3 d6 6. O-O Bf5 7. b3 Bxc3 8. dxc3
Qd7 9. Re1 Nf6 10. Bh6 Ng4 11. Bf4 f6 12. h3 Nge5 13. Kh2 Rc8 14. Qd2 Nf7 15.
e4 Be6 16. Be3 g5 17. Ng1 g4 18. hxg4 Nce5 19. Nf3 Nxf3+ 20. Bxf3 Ne5 21. Be2
Bxg4 22. Qd1 Bxe2 23. Qxe2 h5 24. Kg2 h4 25. Rh1 h3+ 26. Kf1 Kf7 27. f3 Rcg8
28. g4 f5 29. exf5 Qc6 30. Bf4 Rxg4 31. Bxe5 dxe5 32. Qe3 Rg3 33. Kf2 Rg2+ 34.
Kf1 Rg3 35. Kf2 Rg2+ 36. Kf1 Rb2 37. Re1 Qd7 38. Qe4 Qd2 39. Re2 Qxe2+ 40. Qxe2
Rxe2 41. Kxe2 h2 42. Kf2 Kf6 43. Kg3 Kxf5 44. b4 b6 45. a4 a5 0-1

[Event "BL 1718 USV Dresden - SV Hockenheim"]
[Site "?"]
[Date "2018.02.03"]
[Round "7.8"]
[White "Moehn, Hans"]
[Black "Braun, Arik"]
[Result "0-1"]
[WhiteElo "2365"]
[BlackElo "2590"]
[PlyCount "144"]
[EventDate "2018.??.??"]

1. b3 Nf6 2. Bb2 g6 3. Nf3 Bg7 4. g3 d6 5. Bg2 O-O 6. O-O e5 7. d3 c6 8. c4 Re8
9. Nbd2 Nbd7 10. Qc2 a5 11. a3 d5 12. cxd5 cxd5 13. e4 d4 14. Nc4 Bf8 15. a4 b6
16. Bc1 Ba6 17. Bh3 Ra7 18. Ne1 Nh5 19. Ng2 Rc7 20. f4 exf4 21. Nxf4 Nhf6 22.
Bb2 Ne5 23. Rae1 Bb4 24. Re2 Bc5 25. Qd1 Bb7 26. Bc1 Nfg4 27. Bxg4 Nxg4 28. Ng2
Rd7 29. Qc2 Rxe4 30. Nxa5 Rxe2 31. Qxe2 bxa5 32. Qxg4 Re7 33. Qg5 Qc7 34. Rf2
Bb4 35. Bf4 Qc6 36. h4 Qd5 37. Qxd5 Bxd5 38. Bd2 Bc3 39. Bxc3 dxc3 40. Rc2 Rc7
41. Ne3 Bxb3 42. Rc1 c2 43. Kf2 Bxa4 44. Nc4 Ra7 45. Ke3 Bb3 46. Kd2 f5 47. Na3
Rc7 48. Rf1 a4 49. Nb5 Rc5 50. Nd4 Kf7 51. Ne2 Kf6 52. Nc1 Be6 53. Ne2 Rc7 54.
Nc3 Bb3 55. Ne2 Ke5 56. Nc1 Bd5 57. Ne2 Bb3 58. Nc1 Kd6 59. Rf4 Kc5 60. Kc3 Re7
61. Kd2 Ra7 62. Kc3 Be6 63. Rf1 a3 64. Ne2 Rb7 65. Rc1 Rb1 66. d4+ Kd6 67. Kxc2
Rb2+ 68. Kd3 Bd5 69. Nc3 a2 70. Ke3 Rc2 71. Nb5+ Kd7 72. Ra1 Kc6 0-1

[Event "BL 1718 Schachfreunde Berlin - SV Hofhe"]
[Site "?"]
[Date "2018.02.03"]
[Round "7.9"]
[White "Schroeder, Jan-Christian"]
[Black "Piorun, Kacper"]
[Result "1/2-1/2"]
[WhiteElo "2556"]
[BlackElo "2659"]
[PlyCount "48"]
[EventDate "2018.??.??"]

1. e4 c5 2. Nf3 Nc6 3. d4 cxd4 4. Nxd4 Nf6 5. Nc3 e5 6. Ndb5 d6 7. Bg5 a6 8.
Na3 Be6 9. Nc4 Rb8 10. Ne3 Be7 11. Bxf6 Bxf6 12. Ncd5 Bg5 13. c3 O-O 14. Be2
Bxe3 15. Nxe3 b5 16. O-O a5 17. a4 bxa4 18. Qxa4 Rxb2 19. Bb5 Ne7 20. Bc4 Qc8
21. Bxe6 Qxe6 22. Qxa5 g6 23. Rad1 Rc8 24. Rd3 Kg7 1/2-1/2

[Event "BL 1718 Schachfreunde Berlin - SV Hofhe"]
[Site "?"]
[Date "2018.02.03"]
[Round "7.10"]
[White "Mista, Aleksander"]
[Black "Ginsburg, Gennadi"]
[Result "1-0"]
[WhiteElo "2575"]
[BlackElo "2442"]
[PlyCount "99"]
[EventDate "2018.??.??"]

1. e4 e5 2. Nf3 Nc6 3. Bb5 a6 4. Ba4 Nf6 5. O-O Be7 6. Re1 b5 7. Bb3 d6 8. c3
O-O 9. h3 Na5 10. Bc2 c5 11. d4 Nd7 12. Nbd2 exd4 13. cxd4 Nc6 14. d5 Nce5 15.
Nxe5 Nxe5 16. f4 Ng6 17. Nf3 Bh4 18. Nxh4 Qxh4 19. f5 Ne5 20. Rf1 g5 21. f6 Kh8
22. Bd2 Bd7 23. Be1 Qh6 24. Bg3 Rae8 25. Qd2 Rg8 26. b4 Nc4 27. Qc3 g4 28. h4
Qe3+ 29. Qxe3 Nxe3 30. Rf2 cxb4 31. Re1 Nc4 32. Bb3 Ne5 33. Rc2 Rc8 34. Rec1
Rxc2 35. Rxc2 Rc8 36. Rxc8+ Bxc8 37. Kf2 a5 38. Ke3 h5 39. Kd4 Kh7 40. Bxe5
dxe5+ 41. Kxe5 g3 42. Kf4 Kg6 43. e5 Bf5 44. d6 Bd7 45. Bc2+ Kh6 46. Bf5 b3 47.
axb3 a4 48. bxa4 bxa4 49. Bxd7 a3 50. Be6 1-0

[Event "BL 1718 Schachfreunde Berlin - SV Hofhe"]
[Site "?"]
[Date "2018.02.03"]
[Round "7.11"]
[White "Perske, Thore"]
[Black "Tomczak, Jacek"]
[Result "0-1"]
[WhiteElo "2451"]
[BlackElo "2579"]
[PlyCount "90"]
[EventDate "2018.??.??"]

1. e4 c5 2. Nf3 d6 3. Bb5+ Nd7 4. c3 Ngf6 5. Qe2 a6 6. Ba4 Qc7 7. O-O e5 8. d4
Be7 9. d5 O-O 10. c4 b5 11. Bc2 bxc4 12. Nc3 Nb6 13. a4 a5 14. Nd2 Ba6 15. Ndb1
Ne8 16. Na3 Qd7 17. Be3 g6 18. Bh6 Ng7 19. f4 exf4 20. Rxf4 Qd8 21. Raf1 Bg5
22. Bxg5 Qxg5 23. Qf2 Qe7 24. Nab5 Bxb5 25. Nxb5 Nd7 26. Qd2 Ne5 27. Qc3 Ne8
28. Na3 Qb7 29. Nb5 Qb6 30. Qh3 Qd8 31. Qh6 f6 32. Rh4 Rf7 33. Bd1 Nc7 34. Nxc7
Qxc7 35. Bg4 g5 36. Be6 gxh4 37. Qxf6 Re8 38. Qg5+ Kh8 39. Bxf7 Nxf7 40. Qf6+
Kg8 41. Qxh4 Ne5 42. Rf5 Ng6 43. Qg3 Qg7 44. h4 Qd4+ 45. Kh2 Rxe4 0-1

[Event "BL 1718 Schachfreunde Berlin - SV Hofhe"]
[Site "?"]
[Date "2018.02.03"]
[Round "7.12"]
[White "Schneider, Ilja"]
[Black "Lobzhanidze, Davit"]
[Result "1/2-1/2"]
[WhiteElo "2519"]
[BlackElo "2416"]
[PlyCount "64"]
[EventDate "2018.??.??"]

1. d4 d5 2. c4 c6 3. Nf3 Nf6 4. e3 Bf5 5. Nc3 e6 6. Nh4 Bg6 7. Nxg6 hxg6 8. a3
Nbd7 9. g3 Bd6 10. c5 Bc7 11. f4 b6 12. b4 bxc5 13. dxc5 a5 14. Bd2 e5 15. Bg2
exf4 16. exf4 axb4 17. axb4 Qe7+ 18. Ne2 Rxa1 19. Qxa1 O-O 20. Bf3 g5 21. fxg5
Ne4 22. Bf4 Nxg5 23. Bxg5 Qxg5 24. O-O Ne5 25. Kg2 Nxf3 26. Rxf3 Qd2 27. Qa6
Be5 28. Rf2 Qxb4 29. Qxc6 Qe4+ 30. Kh3 g6 31. Nf4 Bxf4 32. Rxf4 Qe5 1/2-1/2

[Event "BL 1718 Schachfreunde Berlin - SV Hofhe"]
[Site "?"]
[Date "2018.02.03"]
[Round "7.13"]
[White "Gurevich, Vladimir"]
[Black "Schreiner, Peter"]
[Result "1/2-1/2"]
[WhiteElo "2472"]
[BlackElo "2452"]
[PlyCount "41"]
[EventDate "2018.??.??"]

1. e4 e5 2. Nf3 Nc6 3. Bc4 Bc5 4. O-O Nf6 5. d3 a6 6. c3 Ba7 7. Bb3 d6 8. Nbd2
O-O 9. Nc4 Ne7 10. Be3 b5 11. Ncd2 Bxe3 12. fxe3 Ng6 13. a4 Bb7 14. Qe2 c5 15.
axb5 axb5 16. Rxa8 Qxa8 17. h3 d5 18. exd5 Bxd5 19. Bxd5 Qxd5 20. d4 cxd4 21.
exd4 1/2-1/2

[Event "BL 1718 Schachfreunde Berlin - SV Hofhe"]
[Site "?"]
[Date "2018.02.03"]
[Round "7.14"]
[White "Abel, Dennes"]
[Black "Margolin, Boris"]
[Result "1-0"]
[WhiteElo "2469"]
[BlackElo "2388"]
[PlyCount "73"]
[EventDate "2018.??.??"]

1. d4 e6 2. c4 Nf6 3. g3 Bb4+ 4. Nd2 c5 5. a3 Bxd2+ 6. Qxd2 cxd4 7. Nf3 Nc6 8.
Nxd4 d5 9. Bg2 Qb6 10. Nxc6 bxc6 11. Qc3 Rf8 12. Be3 Qa6 13. O-O Bd7 14. Bc5
Rg8 15. b3 Qb7 16. Rfd1 h5 17. Rab1 h4 18. b4 hxg3 19. hxg3 Ne4 20. Bxe4 dxe4
21. Rd6 O-O-O 22. Rbd1 f6 23. Qe3 e5 24. Bxa7 Bf5 25. b5 Rxd6 26. Rxd6 Rd8 27.
Rxc6+ Kd7 28. Bb6 Rc8 29. Rxc8 Qxc8 30. c5 Ke8 31. c6 Qe6 32. Bc5 Qd5 33. Kh2
Kf7 34. a4 Qd1 35. b6 Bg4 36. b7 Qb1 37. Ba7 1-0

[Event "BL 1718 Schachfreunde Berlin - SV Hofhe"]
[Site "?"]
[Date "2018.02.03"]
[Round "7.15"]
[White "Zude, Arno"]
[Black "Seyb, Alexander"]
[Result "1/2-1/2"]
[WhiteElo "2373"]
[BlackElo "2393"]
[PlyCount "54"]
[EventDate "2018.??.??"]

1. e4 c5 2. Nf3 d6 3. d4 cxd4 4. Nxd4 Nf6 5. Nc3 a6 6. Nb3 Nbd7 7. g4 h6 8. Bg2
b5 9. O-O Bb7 10. Re1 e5 11. a4 b4 12. Nd5 a5 13. c4 Be7 14. Be3 O-O 15. Rc1
Nxd5 16. exd5 Bg5 17. Nd2 Bxe3 18. Rxe3 Nc5 19. Ne4 Rc8 20. b3 g6 21. Rc2 Kg7
22. Qd2 Nxe4 23. Bxe4 Qg5 24. Rg3 Qxd2 25. Rxd2 Rc7 26. f3 Bc8 27. Rdg2 f6
1/2-1/2

[Event "BL 1718 Schachfreunde Berlin - SV Hofhe"]
[Site "?"]
[Date "2018.02.03"]
[Round "7.16"]
[White "Schmidek, Emil"]
[Black "Brendel, Oliver"]
[Result "1/2-1/2"]
[WhiteElo "2387"]
[BlackElo "2341"]
[PlyCount "83"]
[EventDate "2018.??.??"]

1. e4 c5 2. Nf3 Nc6 3. d4 cxd4 4. Nxd4 g6 5. c4 Bg7 6. Be3 Nf6 7. Nc3 Ng4 8.
Qxg4 Nxd4 9. Qd1 e5 10. Nb5 d6 11. Nxd4 exd4 12. Bxd4 Qa5+ 13. Ke2 Be5 14. f3
f5 15. Kf2 fxe4 16. Be2 O-O 17. c5 Be6 18. Bxe5 dxe5 19. Qd6 e3+ 20. Kf1 Rfe8
21. Qxe5 Bf7 22. Qc3 Qxc3 23. bxc3 Rac8 24. Bd3 Rxc5 25. Ke2 Rxc3 26. Rhc1 Ra3
27. Rc7 Rd8 28. Rd1 b5 29. Bxg6 Rxa2+ 30. Kxe3 Ra3+ 31. Ke2 Re8+ 32. Be4 Rxe4+
33. fxe4 Bh5+ 34. Ke1 Bxd1 35. Kxd1 a5 36. Rb7 b4 37. e5 Ra2 38. e6 Kf8 39. Kc1
Rxg2 40. Rxh7 a4 41. Rb7 b3 42. Ra7 1/2-1/2

[Event "BL 1718 SK Norderstedt-OSG Baden-Baden"]
[Site "Norderstedt"]
[Date "2018.02.03"]
[Round "7.2"]
[White "Trent, Lawrence"]
[Black "Adams, Michael"]
[Result "1/2-1/2"]
[WhiteElo "2435"]
[BlackElo "2727"]
[PlyCount "85"]
[EventDate "2018.??.??"]
[EventType "team-tourn"]
[EventRounds "15"]
[EventCountry "GER"]

1. e4 e5 2. Nf3 Nc6 3. Bb5 a6 4. Ba4 Nf6 5. O-O b5 6. Bb3 Bb7 7. d3 Bc5 8. Nc3
O-O 9. a3 h6 10. Nd5 d6 11. c3 Rb8 12. h3 Re8 13. Nh2 Nxd5 14. Bxd5 Ne7 15. Ba2
Ng6 16. Qf3 Rf8 17. Qh5 Kh7 18. Nf3 f6 19. Nh2 Qe8 20. Bxh6 gxh6 21. Ng4 d5 22.
Qxh6+ Kg8 23. d4 Bd6 24. f4 exf4 25. Rae1 Qf7 26. e5 fxe5 27. dxe5 Bc5+ 28. Kh2
Qh7 29. Qg5 Kg7 30. Bb1 Be7 31. Nf6 Rxf6 32. exf6+ Bxf6 33. Qxg6+ Qxg6 34. Bxg6
Kxg6 35. Rxf4 Rf8 36. g3 Bc8 37. h4 Rh8 38. Kg2 Kg7 39. a4 Bd7 40. axb5 axb5
41. Ref1 Rh6 42. g4 Rxh4 43. Rxf6 1/2-1/2

[Event "BL 1718 SK Norderstedt-OSG Baden-Baden"]
[Site "Norderstedt"]
[Date "2018.02.03"]
[Round "7.3"]
[White "Bacrot, Etienne"]
[Black "Ostrovskiy, Andrey"]
[Result "1-0"]
[WhiteElo "2723"]
[BlackElo "2444"]
[PlyCount "63"]
[EventDate "2018.??.??"]
[EventType "team-tourn"]
[EventRounds "15"]
[EventCountry "GER"]

1. d4 Nf6 2. c4 e6 3. Nf3 b6 4. g3 c6 5. Bg2 Be7 6. O-O O-O 7. Nc3 d5 8. b3 Ba6
9. Nd2 Nbd7 10. e4 dxc4 11. Nxc4 b5 12. Ne3 b4 13. Ne2 Rc8 14. Bb2 Nb6 15. Re1
c5 16. d5 exd5 17. exd5 Re8 18. Nf4 Bf8 19. a3 c4 20. axb4 c3 21. Bxc3 Rxc3 22.
Rxa6 Bxb4 23. Rxa7 g6 24. Nc2 Bd6 25. Ne2 Rxb3 26. Ned4 Rc3 27. Nc6 Qc8 28.
Rxe8+ Nxe8 29. N2d4 Ra3 30. Rxa3 Bxa3 31. Qb3 Bc5 32. Qb5 1-0